Pornográfia

Elmentve itt :
Bibliográfiai részletek
Szerző: Kipnis Laura
További közreműködők: Fellmann Barbara Rozália
Dokumentumtípus: Cikk
Megjelent: Pompeji Alapítvány Szeged 2004
Sorozat:Fosszília 5 No. 3
Kulcsszavak:Filmművészet
Tárgyszavak:
Online Access:http://acta.bibl.u-szeged.hu/8724
LEADER 00759nab a2200217 i 4500
001 acta8724
005 20240426154737.0
008 161015s2004 hu o 000 hun d
022 |a 1586-0116 
040 |a SZTE Egyetemi Kiadványok Repozitórium  |b hun 
041 |a hun 
100 1 |a Kipnis Laura 
245 1 0 |a Pornográfia  |h [elektronikus dokumentum] /  |c  Kipnis Laura 
260 |a Pompeji Alapítvány  |b Szeged  |c 2004 
300 |a 152-158 
490 0 |a Fosszília  |v 5 No. 3 
650 4 |a Bölcsészettudományok 
650 4 |a Művészetek (művészetek, művészettörténet, előadóművészetek, zene) 
695 |a Filmművészet 
700 0 1 |a Fellmann Barbara Rozália 
856 4 0 |u http://acta.bibl.u-szeged.hu/8724/1/fosszilia_2004_3_152-158.pdf  |z Dokumentum-elérés